000 00620nam a2200193 i 4500
001 27693
003 ES-MaACL
005 20230906153703.0
007 t|
008 030115s1952 fr ||||1| fre d
100 1 _aAuger, Pierre.
_923885
245 1 2 _aL'homme microscopique
_b: essai de monadologie /
_cPierre Auger.
260 _aParis :
_bFlammarion,
_c[1952] (
_eOrleans :
_fImp. Nouvelle)
300 _a234 p. ;
_c19 cm.
490 1 _aBibliothèque de philosophie scientifique
830 0 _aBibliothèque de philosophie scientifique
_9181135
852 _aES-MaACL
_jC-15442
_bR.43228
999 _c27693
_d27693